América Latina emergente (Registro nro. 181081)

Detalles MARC
000 -ENCABEZADO
Número de control [NR] 00845nam a22002177a 4500
005 - FECHA Y HORA DE LA ÚLTIMA TRANSACCIÓN
control field 20140903174931.0
008 - DE LONGITUD FIJA DE DATOS DE ELEMENTOS - INFORMACIÓN GENERAL
Elementos de longitud fija [NR] 131212s2012 sp frn 000 0dspa c
020 ## - NUMERO INTERNACIONAL NORMALIZADO PARA LIBROS [R]
Número Internacional Normalizado del libro [NR] 9788499611099
040 ## - FUENTE DE CATALOGACION [NR]
Agencia de catalogación original [NR] CO-BoUCM
Idioma de catalogación [NR] spa
Quien Cataloga
Quien Clasifica Diana Londoño
041 00 - CODIGO DE IDIOMA [R]
Código de idioma para texto/pista de sonido o título separado [R] Español
100 1# - ASIENTO PRINCIPAL--NOMBRE PERSONAL [NR]
Nombre personal [NR] Casilda Béjar, Ramón
ID Autoridad 52860
245 10 - MENCION DE TITULO [NR]
Título [NR] América Latina emergente
Parte restante del título [NR] economía, desarrollo, industrialización, multilatinas,
Mención de responsabilidad, etc. [NR] Ramón Casilda Béjar
260 ## - PUBLICACION, DISTRIBUCION, ETC. (PIE DE IMPRENTA) [R]
Lugar de publicación, distribución, etc. [R] Madrid (España)
Nombre del editor, distribuidor, etc. [R] Editorial Universitaria Ramón Areces
Fecha de publicación, distribución, etc. [R] 2012
300 ## - DESCRIPCION FISICA [R]
Extensión [R] 144 páginas
650 #7 - ASIENTO SECUNDARIO DE MATERIA - TERMINO TEMATICO [R]
Término temático o nombre geográfico como elemento de entrada [NR] Desarrollo económico
Subdivisión geográfica [R] América latina
9 (RLIN) 52861
650 #7 - ASIENTO SECUNDARIO DE MATERIA - TERMINO TEMATICO [R]
Término temático o nombre geográfico como elemento de entrada [NR] Multinacionales
Subdivisión geográfica [R] América latina
9 (RLIN) 52862
651 #7 - ASIENTO SECUNDARIO DE MATERIA - NOMBRE GEOGRAFICO [R]
Nombre geográfico [NR] América latina
Subdivisión general [R] Comercio exterior
9 (RLIN) 52863
690 ## - ASUNTO AGREGADO LOCAL DE ENTRADA - TÉRMINO TEMÁTICO (OCLC, RLIN)
9 (RLIN) 42791
Acceso temático local Desarrollo económico
942 ## - ELEMENTOS DE ENTRADA AGREGADOS (KOHA)
Tema principal Economía
Tipo de ítem principal el descrito en 300a Libro
Edición 1
Parte restante de la signatura top. C339a
Sistema de clasificación DEWEY
Clasificación 338.9
Existencias
Fecha de último préstamo Total préstamos Signatura topográfica Código de barras Última vez visto Ejemplar Costo de reposición Price effective from Tipo de ítem Perdido Sistema de clasificación Dañado No prestable Tipo de ítem específico Suprimido Ubicación habitual Ubicación actual Localización Fecha de creación Proveedor Forma de adquisición Costo Total Renewals
07/03/2017 1 338.9 C339a 100139350 03/12/2025 Ej.1 68989.00 26/11/2013 Libro   DEWEY     Libro   Claustro Claustro Mezanine 26/11/2013 37 Compra 68989.00  
17/11/2016 1 338.9 C339a 100139351 03/12/2025 Ej.2 68989.00 26/11/2013 Libro   DEWEY     Libro   Claustro Claustro Mezanine 26/11/2013 37 Compra 68989.00 1